Lisa, Tomás y sus amigos 4 : (Registro nro. 9948)

Detalles MARC
000 -LIDER
fixed length control field 01716nam a2200385 a 4500
001 - NÚMERO DE CONTROL
Identificador de número de control 0000347
003 - IDENTIFICACDOR DE NÚMERO DE CONTROL
control field DO-SdBNP
005 - DATE AND TIME OF LATEST TRANSACTION
control field 20180307143020.0
007 - CAMPOS FIJOS DE DESCRIPCIÓN FÍSICA
fixed length control field 0000347
008 - ELEMENTOS DE LONGITUD FIJA
fixed length control field 100909s2012 dr a 000 0 spa d
020 ## - ISBN
International Standard Book Number 9789945117578
040 ## - FUENTE DE CATALOGACIÓN
Agencia que crea de manera original el registro BPMSU
Idioma de catalogación spa
Agencia que realiza la transcripción BPMSU
092 ## - LOCALLY ASSIGNED DEWEY DECIMAL CALL NUMBER
Número de clasificación 372.21
Número de ítem (Cutter) J61l, 4 años 2012
100 1# - ASIENTO PRINCIPAL -- NOMBRE PERSONAL
Nombre personal Jiménez Rosa, Tania
245 10 - MENCIÓN DE TITULO
Título Lisa, Tomás y sus amigos 4 :
Subtítulo educación inicial /
Mención de responsabilidad Tania Jiménez Rosa, Altagracia Santos ; dirección editorial Obdulia García de Escobar; ilustración Ruddy Núñez...[et al.].
260 ## - PUBLICACIÓN, DISTRIBUCIÓN, ETC. (PIE DE IMPRENTA)
Lugar de publicación, distribución, etc Santo Domingo :
Nombre del editor, distribuidor, etc. Santillana,
Fecha de publicación, distribución, etc 2012.
300 ## - DESCRIPCIÓN FÍSICA
Extensión 272 p :
Otros detalles físicos il.,
Dimensiones 20 cm.
490 1# - MENCIÓN DE SERIES
Mención de serie Innova
500 ## - NOTA GENERAL
Nota general Este libro ha sido realizado de conformidad con el currículum vigente y ha sido sometido a la aprobación del MINERD(Ministerio de Educación de la República Dominicana)
500 ## - NOTA GENERAL
Nota general La biblioteca solamente posee el libro de texto.
505 0# - NOTA DE CONTENIDO
Título Un lindo paseo --
-- Estamos creciendo --
-- Una familia feliz --
-- En mi colegio --
-- Mi comunidad local --
-- Mi país, mi nación --
-- Alimentos nutritivos --
-- Cuidamos la naturaleza --
-- La tierra es nuestro planeta --
-- Pronto estaré de vacaciones --
650 ## - ENCABEZAMIENTO DE MATERIA--TEMÁTICO
Término temático o nombre geográfico como elemento de entrada EDUCACIÓN PREESCOLAR
Subdivisión geográfica REPÚBLICA DOMINICANA
650 ## - ENCABEZAMIENTO DE MATERIA--TEMÁTICO
Término temático o nombre geográfico como elemento de entrada EDUCACIÓN DE NIÑOS
650 ## - ENCABEZAMIENTO DE MATERIA--TEMÁTICO
Término temático o nombre geográfico como elemento de entrada EDUCACIÓN EN LA PRIMERA INFANCIA
650 ## - ENCABEZAMIENTO DE MATERIA--TEMÁTICO
Término temático o nombre geográfico como elemento de entrada JARDINES INFANTILES
650 ## - ENCABEZAMIENTO DE MATERIA--TEMÁTICO
Término temático o nombre geográfico como elemento de entrada EDUCACIÓN PREESCOLAR
Subdivisión temática general LIBROS DE TEXTO
650 ## - ENCABEZAMIENTO DE MATERIA--TEMÁTICO
Término temático o nombre geográfico como elemento de entrada EDUCACIÓN PREESCOLAR
Subdivisión temática general ESTUDIOS Y EJERCICIOS
700 1# - ASIENTO SECUNDARIO -- NOMBRE PERSONAL
Nombre personal García de Escobar, Obdulia
Mención de responsabilidad ed.
700 1# - ASIENTO SECUNDARIO -- NOMBRE PERSONAL
Nombre personal Núñez, Ruddy
Mención de responsabilidad il.
830 #0 - ASIENTO SECUNDARIO DE SERIE--TÍTULO UNIFORME
Título uniforme Innova
910 ## - VALIDACIÓN
Validación 000144
942 ## - ADDED ENTRY ELEMENTS (KOHA)
Source of classification or shelving scheme Dewey Decimal Classification
Koha item type Libros
945 ## - INFORMACIÓN DE PROCESAMIENTO LOCAL
Información de procesamiento local Remanejado para la Bib. BNPHU, 2018/ YL
956 ## - LOCAL ELECTRONIC LOCATION AND ACCESS (OCLC)
Nombre de host YLOCKWARD
Número de acceso 10
Información de compresión BPMSU
Existencias
Withdrawn status Lost status Source of classification or shelving scheme Damaged status Not for loan Collection code Home library Current library Date acquired Source of acquisition Total Checkouts Barcode Date last seen Price effective from Koha item type
    Dewey Decimal Classification     Colección Escolar Biblioteca Pública Metropolitana Salomé Ureña Biblioteca Pública Metropolitana Salomé Ureña 04/27/2016 Donación   BPMSU16040741 04/27/2016 04/27/2016 Libros